000 00511nam a22001817a 4500
003 OSt
005 20180116183043.0
008 160226b xxu||||| |||| 00| 0 eng d
020 _a9781784153007
040 _c0
082 _a658.15 CIMA 2015
110 _aCIMA
245 _aCIMA P2 Advanced Management Accounting
_bCIMA Official Study Text
_cCIMA
260 _aGreat Britain
_bKaplan Publishing
_c2015
300 _a609 + 4p.
_bPB
440 _aCIMA P2 Advanced Management Accounting
942 _2ddc
_cBK
999 _c351324
_d351324